1651 1616 1633 1135 1095 1907 1315 1308 1988 1713 1323 1357 1620 1292 1625 1278 1167 1563 1172 1273 1255 1380 1078 1583 1271 1800 1102 1833 1519 1985 1890 1419 1157 1859 1680 1597 1311 1506 1666 1456 1384 1532 1412 1209 1490 1074 1457 1438 1475 1944 1429 1090 1518 1130 1685 1120 1842 1556 1016 1185 1960 1887 1752 1031 1621 1381 1515 1789 1067 1216 1505 1823 1989 1601 1145 1512 1045 1522 1723 1023 1528 1392 1877 1076 1100 1698 1630 1954 1899 1624 1340 1148 1535 1183 1223 1602 1613 1795 1175 BCNSPRNW ULIB Ver.6.0+V

เปลี่ยนเป็นภาษาไทย

Change to English
 แสดงรายละเอียดบรรณานุกรม
  กลับหน้าหลัก

Brief Record : Get Marc (ISO 2709) : E-mail record : QR code < ปิดหน้าต่าง
LEADER : 00000nam 2200000uu 4500
001    13399125690
003     ULIB
008    170716s2558||||th 000 0 tha d
020    ^a9786160429349
060  0 ^aQZ266^bส734ข
100 0  ^aสี่ว์, ต๋าฟู
245 00 ^aขอบคุณที่ยังไม่ตาย /^cสี่ว์, ต๋าฟู
260    ^aกรุงเทพฯ :^bอินสปายร์,^c2558
300    ^a328 หน้า ; ^c21 ซม.
650  0 ^aมะเร็ง--การรักษา^Xมะเร็ง--ผู้ป่วย--การดำเนินชีวิต
945    ^p295^l0^i25262
999    ^aกัณชพร จุลอักษร
รายการนี้ยังไม่มีแท็ก
คุณยังไม่ได้ล็อกอิน คุณสามารถมีกิจกรรมร่วมกับเว็บไซต์ได้ แต่ต้องล็อกอินก่อน ::
  ล็อกอิน

รายการสื่อสารสนเทศ

ลำดับที่ ประเภท เลขเรียก/บาร์โค้ด สถานที่ สถานะ
1. วิทยาศาสตร์การแพทย์ และสุขภาพ
วิทยาศาสตร์การแพทย์ และสุขภาพ
สถานะ=หนังสือเก่า
QZ266 ส734ข ฉ.1 
  Barcode: 25262
ห้องสมุดวิทยาเขตนครสวรรค์
►ส่วนจัดเก็บหนังสือเก่า นว.
บนชั้น
  ขอยืม

รายการใกล้เคียง
    ผู้แต่ง [สี่ว์, ต๋าฟู]

    หัวเรื่อง [มะเร็ง--การรักษา^Xมะเร็ง--ผู้ป่วย--การดำเนินชีวิต]

BibComment


ยังไม่เคยถูกคอมเมนท์

คอมเมนท์ทรัพยากรรายการนี้
  คอมเมนท์: ขอบคุณที่ยังไม่ต..


 Copyright 2026. Bcnsprnw @Library